[Event "BL 1617 SV Mülheim Nord - SG Solingen"]
[Site "?"]
[Date "2017.04.29"]
[Round "13.7"]
[White "Naumann, Alexander"]
[Black "Rezasade, Amir"]
[Result "1/2-1/2"]
[WhiteElo "2565"]
[BlackElo "2339"]
[PlyCount "106"]
[EventDate "2017.??.??"]

1. e4 c6 2. d4 d5 3. e5 Bf5 4. Nf3 e6 5. Be2 Nd7 6. O-O Ne7 7. Nbd2 Bg6 8. Nh4
c5 9. Nxg6 hxg6 10. c3 cxd4 11. cxd4 Nc6 12. Nf3 Be7 13. Be3 Rc8 14. g3 Nb6 15.
b3 Bb4 16. a3 Be7 17. h4 a6 18. Kg2 Na8 19. Bd3 Qb6 20. Nd2 a5 21. Rh1 Nc7 22.
h5 gxh5 23. Rxh5 Kd7 24. Qg4 Rxh5 25. Qxh5 Rf8 26. Qh7 Ne8 27. a4 Bb4 28. Nf3
Bc3 29. Rc1 Bb2 30. Rb1 Ba3 31. Bb5 Kc7 32. Ng5 Kb8 33. Qh5 Qc7 34. Ra1 Bb2 35.
Rd1 Qe7 36. Bxc6 bxc6 37. Qe2 Ba3 38. Qa6 Qb7 39. Qd3 Nc7 40. Ra1 Be7 41. Rc1
Kc8 42. Qh7 Ne8 43. Qc2 Kd7 44. Bd2 Nc7 45. Nh3 Na6 46. Bxa5 c5 47. dxc5 Bxc5
48. Nf4 Ba3 49. Ra1 Be7 50. Nd3 d4+ 51. f3 Rc8 52. Qd1 Qd5 53. Be1 g5 1/2-1/2

[Event "BL 1617 MSA Zugzwang - Bayern München"]
[Site "?"]
[Date "2017.04.29"]
[Round "13.1"]
[White "Fedorovsky, Michael"]
[Black "Bromberger, Stefan"]
[Result "1/2-1/2"]
[WhiteElo "2490"]
[BlackElo "2510"]
[PlyCount "112"]
[EventDate "2017.??.??"]

1. d4 Nf6 2. c4 g6 3. Nc3 Bg7 4. e4 d6 5. Nf3 O-O 6. Be2 e5 7. O-O Nc6 8. d5
Ne7 9. Ne1 Nd7 10. Be3 f5 11. f3 f4 12. Bf2 g5 13. Rc1 Rf6 14. Nd3 a6 15. c5
Rh6 16. Qb3 Rb8 17. Rfd1 Qe8 18. h3 Ng6 19. Na4 Nh4 20. cxd6 cxd6 21. Bxh4 gxh4
22. Nb6 Bf6 23. Nxc8 Rxc8 24. Qxb7 Rb8 25. Qxa6 Bd8 26. Rc6 Bb6+ 27. Kh1 Ra8
28. Qb5 Qd8 29. Rdc1 Be3 30. R1c2 Rg6 31. Bf1 Nc5 32. Nxc5 dxc5 33. Rxg6+ hxg6
34. Bc4 Rb8 35. Qa6 Rb6 36. Qa7 Rd6 37. a4 g5 38. Re2 Bd4 39. b3 g4 40. fxg4
Qf8 41. Re1 f3 42. Bf1 c4 43. Qb7 Rb6 44. Qc7 cxb3 45. a5 Rf6 46. d6 fxg2+ 47.
Bxg2 Qxd6 48. Qc4+ Qe6 49. Bf1 Qxc4 50. Bxc4+ Kg7 51. Bxb3 Rf3 52. Rb1 Rxh3+
53. Kg2 Rc3 54. a6 Rc6 55. Kh3 Rxa6 56. Kxh4 Ra1 1/2-1/2

[Event "BL 1617 MSA Zugzwang - Bayern München"]
[Site "?"]
[Date "2017.04.29"]
[Round "13.2"]
[White "Kindermann, Stefan"]
[Black "Gabriel, Christian"]
[Result "1/2-1/2"]
[WhiteElo "2509"]
[BlackElo "2512"]
[PlyCount "44"]
[EventDate "2017.??.??"]

1. e4 e5 2. Nf3 Nc6 3. Bc4 Bc5 4. O-O Nf6 5. d3 d6 6. c3 Bb6 7. a4 a6 8. Re1
O-O 9. h3 h6 10. Nbd2 Ne7 11. a5 Ba7 12. Nf1 Ng6 13. Ng3 c6 14. Bb3 Re8 15. d4
Bb8 16. dxe5 dxe5 17. Qc2 Nf4 18. Bxf4 exf4 19. Nf5 Bxf5 20. exf5 Bc7 21. Bc4
Qd7 22. b4 Rad8 1/2-1/2

[Event "BL 1617 MSA Zugzwang - Bayern München"]
[Site "?"]
[Date "2017.04.29"]
[Round "13.3"]
[White "Dragnev, Valentin"]
[Black "Mons, Leon"]
[Result "1/2-1/2"]
[WhiteElo "2515"]
[BlackElo "2479"]
[PlyCount "66"]
[EventDate "2017.??.??"]

1. d4 Nf6 2. Nf3 d5 3. c4 e6 4. g3 Be7 5. Bg2 O-O 6. O-O dxc4 7. Ne5 c5 8. dxc5
Qc7 9. Nxc4 Rd8 10. Qc2 Nc6 11. e3 Bxc5 12. a3 Be7 13. b3 Ne5 14. Bb2 Nxc4 15.
Rc1 Bd7 16. Nd2 Bc6 17. Nxc4 Bxg2 18. Kxg2 Qc6+ 19. Kg1 Rac8 20. a4 Ne4 21. Rd1
Ng5 22. h4 Nf3+ 23. Kf1 Bb4 24. Rxd8+ Rxd8 25. Rd1 Rd2 26. Rxd2 Nxd2+ 27. Kg1
Nf3+ 28. Kf1 Ne1 29. Qb1 Qh1+ 30. Ke2 Qf3+ 31. Kf1 f6 32. Ba3 Qg2+ 33. Ke2 Qf3+
1/2-1/2

[Event "BL 1617 MSA Zugzwang - Bayern München"]
[Site "?"]
[Date "2017.04.29"]
[Round "13.5"]
[White "Lindgren, Philip"]
[Black "Zysk, Robert"]
[Result "0-1"]
[WhiteElo "2427"]
[BlackElo "2407"]
[PlyCount "103"]
[EventDate "2017.??.??"]

1. Nf3 Nf6 2. c4 e6 3. g3 b6 4. Bg2 Bb7 5. d4 Be7 6. O-O O-O 7. Nc3 Ne4 8. Qc2
Nxc3 9. Qxc3 Na6 10. Rd1 c5 11. Be3 Rc8 12. Rac1 Nb4 13. Qb3 cxd4 14. Bxd4 d5
15. a3 dxc4 16. Qa4 Nd3 17. exd3 Bxf3 18. Bxf3 Qxd4 19. Rxc4 Rxc4 20. Qxc4 Qxb2
21. a4 Qb4 22. Qxb4 Bxb4 23. d4 Rd8 24. d5 e5 25. Be4 g6 26. g4 Kf8 27. Rc1 Bc5
28. Kf1 Ke7 29. Ke2 Rf8 30. g5 h6 31. h4 hxg5 32. hxg5 Rh8 33. Rh1 Rxh1 34.
Bxh1 Ba3 35. Kf3 Bc1 36. Kg4 Kd6 37. Be4 Kc5 38. Bc2 Ba3 39. f4 exf4 40. Kxf4
Bc1+ 41. Kg4 Ba3 42. Kf4 Kd4 43. Bd1 Bd6+ 44. Kg4 a6 45. Kf3 b5 46. axb5 axb5
47. Bc2 Kc3 48. Bb1 b4 49. Ke3 b3 50. Bd3 Kb2 51. Bc4 Kc2 52. Bxb3+ 0-1

[Event "BL 1617 MSA Zugzwang - Bayern München"]
[Site "?"]
[Date "2017.04.29"]
[Round "13.6"]
[White "Gerigk, Erasmus"]
[Black "Schenk, Andreas"]
[Result "1/2-1/2"]
[WhiteElo "2342"]
[BlackElo "2453"]
[PlyCount "44"]
[EventDate "2017.??.??"]

1. e4 e6 2. d4 d5 3. Nd2 c5 4. Ngf3 cxd4 5. Nxd4 Nc6 6. Bb5 Bd7 7. Nxc6 bxc6 8.
Bd3 Qc7 9. Qe2 Ne7 10. Nf3 Ng6 11. e5 c5 12. c3 Be7 13. h4 f6 14. exf6 gxf6 15.
Bb5 Bxb5 16. Qxb5+ Kf7 17. h5 Ne5 18. Qe2 Nxf3+ 19. Qxf3 Qe5+ 20. Kf1 Rad8 21.
Bd2 d4 22. c4 Qd6 1/2-1/2

[Event "BL 1617 MSA Zugzwang - Bayern München"]
[Site "?"]
[Date "2017.04.29"]
[Round "13.7"]
[White "Ribli, Zoltan"]
[Black "Dr. Hoffmeyer, Falk"]
[Result "1/2-1/2"]
[WhiteElo "2531"]
[BlackElo "2351"]
[PlyCount "43"]
[EventDate "2017.??.??"]

1. c4 e5 2. Nc3 Bb4 3. Nd5 Bc5 4. Nf3 c6 5. b4 Bxf2+ 6. Kxf2 cxd5 7. Bb2 d6 8.
cxd5 Nf6 9. Qb3 Na6 10. e3 Nc7 11. Bc4 b5 12. Bd3 Ng4+ 13. Ke1 f5 14. Rc1 O-O
15. h3 Nf6 16. Ng5 e4 17. Ne6 Nxe6 18. dxe6 d5 19. Bxb5 Bxe6 20. Be5 Rc8 21.
Kf2 Qb6 22. Rxc8 1/2-1/2

[Event "BL 1617 USV TU Dresden - Schwäbisch Ha"]
[Site "?"]
[Date "2017.04.29"]
[Round "13.1"]
[White "Laznicka, Viktor"]
[Black "Nisipeanu, Liviu-Dieter"]
[Result "1/2-1/2"]
[WhiteElo "2670"]
[BlackElo "2684"]
[PlyCount "48"]
[EventDate "2017.??.??"]

1. d4 Nf6 2. c4 e6 3. Nc3 Bb4 4. Qc2 O-O 5. a3 Bxc3+ 6. Qxc3 b5 7. cxb5 c6 8.
f3 Nd5 9. Qd2 f5 10. e3 cxb5 11. Nh3 Qb6 12. Bd3 Nc6 13. O-O a5 14. Qf2 Ba6 15.
Rd1 b4 16. e4 fxe4 17. Bxe4 Rac8 18. Bxd5 exd5 19. Nf4 Bc4 20. Be3 Ne7 21. axb4
axb4 22. Qd2 Nf5 23. Bf2 Qh6 24. Ne2 Qxd2 1/2-1/2

[Event "BL 1617 USV TU Dresden - Schwäbisch Ha"]
[Site "?"]
[Date "2017.04.29"]
[Round "13.2"]
[White "Maiwald, Jens-Uwe"]
[Black "Gharamian, Tigran"]
[Result "1/2-1/2"]
[WhiteElo "2448"]
[BlackElo "2625"]
[PlyCount "56"]
[EventDate "2017.??.??"]

1. Nf3 d5 2. g3 g6 3. Bg2 Bg7 4. O-O e5 5. d3 Nc6 6. e4 dxe4 7. dxe4 Qxd1 8.
Rxd1 Bg4 9. c3 Nf6 10. Re1 h6 11. b4 Nd7 12. Nbd2 a5 13. b5 Na7 14. a4 Nc8 15.
Nc4 Ncb6 16. Nxb6 Nxb6 17. Be3 Nc4 18. Nd2 Nxe3 19. Rxe3 O-O-O 20. Nc4 b6 21.
Bf1 Rhe8 22. Ree1 Be6 23. Ne3 Bf8 24. Bc4 Bxc4 25. Nxc4 Rd3 26. Re3 Rd7 27. Rf3
Re6 28. Kf1 f6 1/2-1/2

[Event "BL 1617 USV TU Dresden - Schwäbisch Ha"]
[Site "?"]
[Date "2017.04.29"]
[Round "13.5"]
[White "Michalik, Peter"]
[Black "Tischbierek, Raj"]
[Result "1/2-1/2"]
[WhiteElo "2564"]
[BlackElo "2450"]
[PlyCount "87"]
[EventDate "2017.??.??"]

1. d4 d5 2. c4 c6 3. Nf3 Nf6 4. e3 Bg4 5. h3 Bxf3 6. Qxf3 e6 7. Nc3 Bb4 8. Bd3
Nbd7 9. O-O O-O 10. cxd5 cxd5 11. Bd2 e5 12. Qd1 e4 13. Nxe4 dxe4 14. Bxb4 exd3
15. Bxf8 Nxf8 16. Qxd3 Qd5 17. Rfc1 Ne6 18. Qb3 Qd7 19. Rc4 Nd5 20. Rac1 g6 21.
Qc2 Nb6 22. Rc3 Kg7 23. Ra3 a5 24. Rd3 Nd5 25. Rdd1 f5 26. Re1 Rf8 27. Qd2 a4
28. f3 f4 29. e4 Ne3 30. d5 Kg8 31. Qc3 Ng5 32. Qe5 Qd8 33. Rc7 Nf7 34. Qxf4
Nd6 35. Qxe3 Qxc7 36. Rc1 Qe7 37. Rc2 Qe5 38. Kh1 Re8 39. Qa7 b5 40. Qd7 Re7
41. Qd8+ Re8 42. Qd7 Re7 43. Qd8+ Re8 44. Qe7 1/2-1/2

[Event "BL 1617 USV TU Dresden - Schwäbisch Ha"]
[Site "?"]
[Date "2017.04.29"]
[Round "13.6"]
[White "Gauglitz, Gernot"]
[Black "Womacka, Mathias"]
[Result "1/2-1/2"]
[WhiteElo "2387"]
[BlackElo "2428"]
[PlyCount "94"]
[EventDate "2017.??.??"]

1. Nf3 c5 2. c4 Nf6 3. g3 b6 4. Bg2 Bb7 5. Nc3 e6 6. O-O Be7 7. Re1 d5 8. cxd5
Nxd5 9. e4 Nb4 10. d4 cxd4 11. Nxd4 N8c6 12. Be3 Nxd4 13. Bxd4 O-O 14. Re2 Nc6
15. Be3 Qxd1+ 16. Rxd1 Rfd8 17. Red2 Rxd2 18. Rxd2 Rd8 19. Rxd8+ Bxd8 20. Nb5
Nb4 21. a3 Nd3 22. Bd4 a6 23. Nd6 Bc6 24. Bf1 Ne1 25. Bc3 Bc7 26. Bxe1 Bxd6 27.
Bxa6 Bxe4 28. Bc3 g5 29. Bd4 Bc7 30. Kf1 f5 31. Ke2 Kf7 32. Bb5 e5 33. Bc4+ Kf6
34. Bc3 g4 35. b4 Bc6 36. b5 Bf3+ 37. Ke1 Bd6 38. a4 Bc5 39. a5 bxa5 40. Bxa5
f4 41. Bd8+ Kf5 42. Bd3+ Be4 43. Bxe4+ Kxe4 44. gxf4 exf4 45. Bc7 Kf3 46. Kf1
Bxf2 47. Bxf4 Bb6 1/2-1/2

[Event "BL 1617 USV TU Dresden - Schwäbisch Ha"]
[Site "?"]
[Date "2017.04.29"]
[Round "13.7"]
[White "Zeller, Frank"]
[Black "Loxine, Jakov"]
[Result "0-1"]
[WhiteElo "2390"]
[BlackElo "2406"]
[PlyCount "102"]
[EventDate "2017.??.??"]

1. e4 c5 2. Nf3 Nc6 3. Nc3 d6 4. d4 cxd4 5. Nxd4 e5 6. Nf5 Bxf5 7. exf5 Qd7 8.
Bc4 Qxf5 9. Be3 Nf6 10. h3 h6 11. g4 Qd7 12. Qf3 O-O-O 13. O-O-O Kb8 14. Rhg1
Na5 15. Bb5 Qe6 16. Nd5 Nxd5 17. Rxd5 g6 18. Bd3 Nc6 19. Be4 a6 20. Rgd1 Nd4
21. R5xd4 exd4 22. Bxd4 Rh7 23. Bxb7 d5 24. Qb3 Kc7 25. Ba7 d4 26. Qf3 f5 27.
gxf5 gxf5 28. Bxd4 Rhd7 29. c3 Bg7 30. Ba8 Kb8 31. Bc6 Rd6 32. Qg3 Bxd4 33.
Rxd4 Kc8 34. Rxd6 Rxd6 35. Bf3 Qe1+ 36. Kc2 Qd2+ 37. Kb3 Rb6+ 38. Kc4 Rxb2 39.
Qg8+ Kc7 40. Qg7+ Qd7 41. Qe5+ Kc8 42. Qc5+ Qc7 43. Bc6 Kb8 44. Qf8+ Ka7 45.
Qc5+ Kb8 46. Qf8+ Ka7 47. Qc5+ Rb6 48. Kd5 f4 49. f3 Qf7+ 50. Ke5 Qh5+ 51. Kd6
Qxc5+ 0-1

[Event "BL 1617 Hamburger SK - Werder Bremen"]
[Site "?"]
[Date "2017.04.29"]
[Round "13.1"]
[White "Fressinet, Laurent"]
[Black "Bauer, Christian"]
[Result "1/2-1/2"]
[WhiteElo "2665"]
[BlackElo "2619"]
[PlyCount "94"]
[EventDate "2017.??.??"]

1. d4 Nf6 2. Nf3 e6 3. c4 Nc6 4. g3 d5 5. Nbd2 dxc4 6. Nxc4 b5 7. Ne3 Rb8 8.
Bg2 Be7 9. O-O O-O 10. b3 Bb7 11. Bb2 Nb4 12. Ne5 c5 13. a3 Nbd5 14. Nxd5 Bxd5
15. dxc5 Bxg2 16. Kxg2 Bxc5 17. Qxd8 Rbxd8 18. Nd3 Bb6 19. Bxf6 gxf6 20. Rfd1
Kg7 21. Kf3 Rd6 22. a4 bxa4 23. Rxa4 Rfd8 24. Rg4+ Kf8 25. Rc4 Rd5 26. Kg2 Rb5
27. b4 Rd4 28. Rc8+ Rd8 29. Rdc1 Rxc8 30. Rxc8+ Kg7 31. Rb8 Rd5 32. f4 Rd8 33.
Rb7 Rd5 34. g4 Kf8 35. h4 Ke8 36. g5 fxg5 37. hxg5 Rd7 38. Rb8+ Rd8 39. Rb7 Rd7
40. Rxd7 Kxd7 41. Ne5+ Ke7 42. Kf3 f6 43. Nc6+ Kf7 44. e4 fxg5 45. fxg5 Kg6 46.
Kg4 a6 47. Nb8 a5 1/2-1/2

[Event "BL 1617 Hamburger SK - Werder Bremen"]
[Site "?"]
[Date "2017.04.29"]
[Round "13.2"]
[White "Kempinski, Robert"]
[Black "Areshchenko, Alexander"]
[Result "1/2-1/2"]
[WhiteElo "2594"]
[BlackElo "2686"]
[PlyCount "42"]
[EventDate "2017.??.??"]

1. d4 Nf6 2. c4 g6 3. Nc3 d5 4. Bf4 Bg7 5. e3 c5 6. dxc5 Qa5 7. Rc1 dxc4 8.
Bxc4 O-O 9. Nf3 Qxc5 10. Bb3 Nc6 11. O-O Qa5 12. h3 Bf5 13. Bc4 Rad8 14. Qb3
Qb4 15. Rcd1 Qxb3 16. Bxb3 h6 17. Ne5 Nxe5 18. Bxe5 Ne4 19. Bxg7 Kxg7 20. Nxe4
Bxe4 21. f3 Bc6 1/2-1/2

[Event "BL 1617 Hamburger SK - Werder Bremen"]
[Site "?"]
[Date "2017.04.29"]
[Round "13.3"]
[White "Bluebaum, Matthias"]
[Black "Miton, Kamil"]
[Result "1-0"]
[WhiteElo "2634"]
[BlackElo "2619"]
[PlyCount "98"]
[EventDate "2017.??.??"]

1. d4 Nf6 2. c4 e6 3. Nf3 Bb4+ 4. Nbd2 b6 5. a3 Bxd2+ 6. Qxd2 Ba6 7. e3 d5 8.
b3 c5 9. Bb2 Nbd7 10. Bd3 dxc4 11. bxc4 Bb7 12. Qe2 O-O 13. O-O Qc7 14. Nd2
cxd4 15. exd4 Qf4 16. Qe3 Qh4 17. a4 a5 18. f3 Rfe8 19. Ba3 Rac8 20. Bd6 Bc6
21. Rfe1 h6 22. g3 Qg5 23. Bf4 Qh5 24. Qf2 e5 25. g4 Nxg4 26. fxg4 Qxg4+ 27.
Bg3 exd4 28. Qf5 Rxe1+ 29. Rxe1 Qxf5 30. Bxf5 Ra8 31. Nb3 d3 32. Ra1 Re8 33.
Nd4 Be4 34. Bxd7 Rd8 35. Bc7 Rxd7 36. Bxb6 Rd6 37. Bc5 Rg6+ 38. Kf2 Rg2+ 39.
Ke3 f5 40. Bd6 g5 41. c5 Kh7 42. c6 Kg6 43. c7 Bb7 44. Kxd3 f4 45. Rb1 Ba6+ 46.
Ke4 Kh5 47. Rb6 Bc8 48. Rb8 Bh3 49. Nf5 Re2+ 1-0

[Event "BL 1617 Hamburger SK - Werder Bremen"]
[Site "?"]
[Date "2017.04.29"]
[Round "13.4"]
[White "Svane, Rasmus"]
[Black "Efimenko, Zahar"]
[Result "1/2-1/2"]
[WhiteElo "2573"]
[BlackElo "2650"]
[PlyCount "52"]
[EventDate "2017.??.??"]

1. d4 d6 2. Nf3 Nf6 3. c4 g6 4. Nc3 Bf5 5. e3 Bg7 6. Bd3 Bxd3 7. Qxd3 O-O 8.
O-O Na6 9. e4 e5 10. Be3 exd4 11. Bxd4 Re8 12. Rad1 Nb4 13. Qb1 Nc6 14. Bxf6
Bxf6 15. c5 Bxc3 16. bxc3 b6 17. cxd6 cxd6 18. Nd4 Nxd4 19. Rxd4 Rc8 20. Qb4
Rc6 21. Rfd1 Qc7 22. Rxd6 Rxd6 23. Rxd6 Rxe4 24. Qxe4 Qxd6 25. g3 Kg7 26. Qc4
h5 1/2-1/2

[Event "BL 1617 Hamburger SK - Werder Bremen"]
[Site "?"]
[Date "2017.04.29"]
[Round "13.5"]
[White "Nyback, Tomi"]
[Black "Huschenbeth, Niclas"]
[Result "0-1"]
[WhiteElo "2583"]
[BlackElo "2588"]
[PlyCount "118"]
[EventDate "2017.??.??"]

1. d4 d5 2. c4 dxc4 3. e3 e5 4. Bxc4 exd4 5. exd4 Bd6 6. Nf3 Nf6 7. Qe2+ Qe7 8.
Qxe7+ Bxe7 9. O-O Be6 10. Bxe6 fxe6 11. Re1 Nc6 12. Rxe6 Rd8 13. Be3 Rf8 14.
Bg5 Kf7 15. Re2 Nxd4 16. Nxd4 Rxd4 17. Nc3 Rfd8 18. Be3 Rd3 19. h3 Bb4 20. Rc1
Bxc3 21. bxc3 b6 22. Kf1 Ne4 23. Bd4 Re8 24. Re3 Rxe3 25. Bxe3 Ng3+ 26. Ke1 Nf5
27. Kd2 Nxe3 28. fxe3 Re4 29. Rf1+ Ke6 30. Kd3 Ra4 31. Rf2 h5 32. e4 h4 33. Rf4
Rxa2 34. Rg4 Kf6 35. Rf4+ Ke6 36. Rg4 Kf7 37. Rf4+ Ke8 38. Rg4 Kf8 39. Rf4+ Ke7
40. Rg4 Kf7 41. Rf4+ Ke7 42. Rg4 Kf6 43. Rf4+ Ke5 44. Rg4 a5 45. Rxg7 a4 46.
Rxc7 Rxg2 47. Re7+ Kf4 48. Re6 Rb2 49. Rf6+ Kg3 50. e5 Rb1 51. Kc2 Rb5 52. e6
Re5 53. Kb2 b5 54. Ka3 Kxh3 55. c4 bxc4 56. Kxa4 Kg4 57. Kb4 Kg5 58. Rf3 Rxe6
59. Kxc4 Rh6 0-1

[Event "BL 1617 Hamburger SK - Werder Bremen"]
[Site "?"]
[Date "2017.04.29"]
[Round "13.7"]
[White "Markgraf, Rolf-Alexander"]
[Black "Kollars, Dmitrij"]
[Result "1-0"]
[WhiteElo "2516"]
[BlackElo "2500"]
[PlyCount "89"]
[EventDate "2017.??.??"]

1. e4 e5 2. Nf3 Nc6 3. Bb5 a6 4. Ba4 Nf6 5. O-O Be7 6. Re1 b5 7. Bb3 d6 8. c3
O-O 9. h3 Nb8 10. d4 Nbd7 11. Nbd2 Bb7 12. Bc2 Re8 13. Nf1 Bf8 14. Ng3 g6 15.
a4 c5 16. d5 c4 17. Bg5 Nc5 18. Qd2 Be7 19. Bh6 Nfd7 20. Nh2 bxa4 21. Ng4 Nb3
22. Bxb3 axb3 23. Be3 Bf8 24. Ra4 h5 25. Nh6+ Bxh6 26. Bxh6 a5 27. f4 exf4 28.
Bxf4 Ba6 29. Raa1 Ne5 30. Rf1 h4 31. Ne2 Nd3 32. Bg5 Qb6+ 33. Nd4 Rxe4 34. Bf6
Kh7 35. Kh2 Qb8 36. Nf3 Re5 37. Bxe5 dxe5 38. Ng5+ Kg8 39. Nxf7 e4+ 40. Kh1 Qg3
41. Qh6 Nf2+ 42. Rxf2 Qxf2 43. Qxg6+ Kf8 44. Ng5 e3 45. d6 1-0

[Event "BL 1617 Schachfr. Berlin - Werder Breme"]
[Site "?"]
[Date "2017.04.30"]
[Round "14.1"]
[White "Fressinet, Laurent"]
[Black "Melkumyan, Hrant"]
[Result "1/2-1/2"]
[WhiteElo "2665"]
[BlackElo "2619"]
[PlyCount "91"]
[EventDate "2017.??.??"]

1. e4 c6 2. d4 d5 3. e5 Bf5 4. Nf3 e6 5. Be2 Nd7 6. O-O h6 7. c3 Ne7 8. a4 c5
9. dxc5 Nxc5 10. Nd4 Bg6 11. a5 a6 12. Be3 Nf5 13. Nxf5 Bxf5 14. Nd2 Be7 15.
Nb3 Rc8 16. Nxc5 Bxc5 17. Qa4+ Qd7 18. Bxc5 Rxc5 19. g4 Bh7 20. Qxd7+ Kxd7 21.
f4 Be4 22. Kf2 f6 23. Ke3 Ke7 24. h4 fxe5 25. fxe5 Bg6 26. Rf4 Be8 27. Rb4 Rc7
28. Rf1 g5 29. h5 Rf8 30. Rxf8 Kxf8 31. Rb6 Ke7 32. Kd4 Bc6 33. Rb4 Kd8 34. Ke3
Rf7 35. Rd4 Kc7 36. b3 b6 37. axb6+ Kxb6 38. Rb4+ Bb5 39. Bxb5 axb5 40. c4 dxc4
41. bxc4 Kc5 42. Rxb5+ Kxc4 43. Rb6 Kd5 44. Rb5+ Kc6 45. Rb8 Kd5 46. Rb5+
1/2-1/2

[Event "BL 1617 Schachfr. Berlin - Werder Breme"]
[Site "?"]
[Date "2017.04.30"]
[Round "14.2"]
[White "Piorun, Kacper"]
[Black "Areshchenko, Alexander"]
[Result "1/2-1/2"]
[WhiteElo "2651"]
[BlackElo "2686"]
[PlyCount "59"]
[EventDate "2017.??.??"]

1. Nf3 c5 2. c4 Nc6 3. d4 cxd4 4. Nxd4 Nf6 5. Nc3 e6 6. g3 Qb6 7. Nb3 Ne5 8.
Bg2 Nxc4 9. O-O Bb4 10. Bg5 Bxc3 11. bxc3 d5 12. Bxf6 gxf6 13. e4 dxe4 14. Qe2
Ne5 15. Qxe4 O-O 16. c4 Bd7 17. c5 Qc7 18. Qxb7 Qxb7 19. Bxb7 Rab8 20. Bg2 Bc6
21. Rfd1 Rfc8 22. Rac1 Bxg2 23. Kxg2 Nc6 24. Rc4 Rc7 25. Rd6 Kf8 26. Rh4 Kg7
27. Rg4+ Kf8 28. Rh4 Kg7 29. Rg4+ Kf8 30. Rh4 1/2-1/2

[Event "BL 1617 Schachfr. Berlin - Werder Breme"]
[Site "?"]
[Date "2017.04.30"]
[Round "14.3"]
[White "Bluebaum, Matthias"]
[Black "Mista, Aleksander"]
[Result "1/2-1/2"]
[WhiteElo "2634"]
[BlackElo "2604"]
[PlyCount "74"]
[EventDate "2017.??.??"]

1. d4 Nf6 2. c4 g6 3. g3 c6 4. Bg2 d5 5. Qa4 Bg7 6. cxd5 Nxd5 7. Nf3 Nb6 8. Qc2
Bg4 9. e3 N8d7 10. O-O O-O 11. Nbd2 c5 12. h3 Bxf3 13. Nxf3 Rc8 14. Qe2 Qc7 15.
Rd1 cxd4 16. Nxd4 Ne5 17. b3 Nc6 18. Bb2 Nxd4 19. Bxd4 Rfd8 20. Bxg7 Kxg7 21.
Qb2+ e5 22. Qa3 Rxd1+ 23. Rxd1 Ra8 24. Rc1 Qd7 25. Qc5 Re8 26. Qa5 Nc8 27. Qc7
Qd2 28. Bxb7 Nd6 29. Ba6 Qxa2 30. Qxd6 Re6 31. Qd8 Rf6 32. Bf1 Qxf2+ 33. Kh1
Qxe3 34. Qc7 Rf2 35. Bg2 Rxg2 36. Kxg2 Qe2+ 37. Kg1 Qe3+ 1/2-1/2

[Event "BL 1617 Schachfr. Berlin - Werder Breme"]
[Site "?"]
[Date "2017.04.30"]
[Round "14.4"]
[White "Sprenger, Jan Michael"]
[Black "Efimenko, Zahar"]
[Result "0-1"]
[WhiteElo "2520"]
[BlackElo "2650"]
[PlyCount "88"]
[EventDate "2017.??.??"]

1. e4 e5 2. Nf3 Nc6 3. Bb5 a6 4. Ba4 Nf6 5. O-O Be7 6. Re1 b5 7. Bb3 d6 8. c3
O-O 9. d4 Bg4 10. Be3 exd4 11. cxd4 Na5 12. Bc2 Nc4 13. Bc1 c5 14. b3 Nb6 15.
Nbd2 Rc8 16. h3 Bh5 17. a4 bxa4 18. bxa4 cxd4 19. g4 Bg6 20. Nxd4 d5 21. Nf5
Bxf5 22. exf5 Bb4 23. Bd3 Ne4 24. Bxe4 dxe4 25. Rxe4 a5 26. Qb3 Rc3 27. Qa2 Qh4
28. Nf1 Rxh3 29. Kg2 Rh1 30. Ng3 Qh3+ 31. Kf3 Rh2 32. Be3 Qg2+ 33. Ke2 Nd7 34.
Nf1 Rh3 35. Rf4 Nf6 36. Qc4 Nd5 37. Rd4 Nxe3 38. Nxe3 Qf3+ 39. Kd3 Qxf2 40. Qc1
Re8 41. Re4 Rd8+ 42. Rd4 Rxd4+ 43. Kxd4 Rxe3 44. Qxe3 Bc5+ 0-1

[Event "BL 1617 Schachfr. Berlin - Werder Breme"]
[Site "?"]
[Date "2017.04.30"]
[Round "14.6"]
[White "Lauber, Arnd"]
[Black "Markgraf, Rolf-Alexander"]
[Result "1/2-1/2"]
[WhiteElo "2426"]
[BlackElo "2516"]
[PlyCount "90"]
[EventDate "2017.??.??"]

1. d4 f5 2. c4 Nf6 3. g3 g6 4. Bg2 Bg7 5. Nc3 d6 6. Nh3 O-O 7. Bg5 c6 8. Qd2 e5
9. d5 c5 10. O-O Na6 11. e4 Nc7 12. Rae1 b5 13. cxb5 Rb8 14. f4 h6 15. fxe5
hxg5 16. exd6 Nxb5 17. e5 Nxc3 18. exf6 Ne4 19. Bxe4 Bxf6 20. Bg2 Rxb2 21. Qc1
Qxd6 22. Nxg5 Bb7 23. Rd1 Rxa2 24. Bf3 Ra1 25. Qf4 Qxf4 26. gxf4 Rxd1 27. Rxd1
c4 28. Be2 c3 29. d6 Bxg5 30. fxg5 c2 31. Rc1 Be4 32. Bc4+ Kg7 33. Bb3 Rc8 34.
Bxc2 Bxc2 35. Kf2 Kf7 36. d7 Rd8 37. Rxc2 Rxd7 38. Ra2 Rb7 39. Ra6 Rb2+ 40. Kg3
Rb3+ 41. Kf4 Rb4+ 42. Kf3 Rb7 43. h4 Kg7 44. Kf4 Re7 45. Kf3 Rb7 1/2-1/2

[Event "BL 1617 Schachfr. Berlin - Werder Breme"]
[Site "?"]
[Date "2017.04.30"]
[Round "14.7"]
[White "Koop, Thorben"]
[Black "Baldauf, Marco"]
[Result "1/2-1/2"]
[WhiteElo "2398"]
[BlackElo "2456"]
[PlyCount "70"]
[EventDate "2017.??.??"]

1. d4 Nf6 2. c4 g6 3. Nc3 d5 4. Bg5 Ne4 5. Bh4 Nxc3 6. bxc3 dxc4 7. e3 Be6 8.
Be2 Nd7 9. d5 Bf5 10. Qd4 Rg8 11. Rd1 Bg7 12. Qxc4 Nb6 13. Qb3 Qd6 14. Nf3 Qc5
15. O-O Bd7 16. Rb1 Bf5 17. Bb5+ c6 18. dxc6 bxc6 19. Qb4 Qxb4 20. Bxc6+ Kf8
21. cxb4 Bxb1 22. Bxa8 Bxa2 23. Bc6 Bc4 24. Rd1 f6 25. Ra1 a6 26. Nd2 Be2 27.
f3 Kf7 28. Be1 Rc8 29. Kf2 Bd3 30. Rc1 Bb5 31. Bd5+ e6 32. Rxc8 Nxc8 33. Bb3
Nb6 34. Ne4 Bf8 35. Bc3 Be7 1/2-1/2

[Event "BL 1617 Schachfr. Berlin - Werder Breme"]
[Site "?"]
[Date "2017.04.30"]
[Round "14.8"]
[White "Thiede, Lars"]
[Black "Grigorian, Spartak"]
[Result "0-1"]
[WhiteElo "2424"]
[BlackElo "2338"]
[PlyCount "88"]
[EventDate "2017.??.??"]

1. d4 Nf6 2. Bf4 d5 3. e3 e6 4. Nd2 c5 5. c3 Nc6 6. Ngf3 Bd6 7. Bg3 O-O 8. Bb5
cxd4 9. exd4 Ne7 10. Bd3 Nf5 11. Bxd6 Nxd6 12. Qc2 b6 13. Ne5 a5 14. O-O Ba6
15. Bxa6 Rxa6 16. Rae1 Qc8 17. Qd3 Ra7 18. Re3 Qa6 19. Qb1 Rc8 20. Rfe1 b5 21.
Nb3 b4 22. Nc5 Qb5 23. f3 Nb7 24. cxb4 Qxb4 25. Nb3 Nd6 26. g4 a4 27. Nd3 Qb6
28. Nbc5 Nb5 29. Qd1 Nxd4 30. Kh1 Qb5 31. Nf4 Rxc5 32. Qxd4 Rac7 33. R3e2 h6
34. h4 Rc1 35. Rxc1 Rxc1+ 36. Kg2 Nd7 37. g5 Rc4 38. Qd2 Rxf4 39. Kg3 Rc4 40.
gxh6 Qb4 41. Qg5 Qb8+ 42. Kh3 g6 43. Rxe6 Nf8 44. Re5 Ne6 0-1

[Event "BL 1617 SK König Tegel - Hamburger SK"]
[Site "?"]
[Date "2017.04.30"]
[Round "14.2"]
[White "Rabiega, Robert"]
[Black "Kempinski, Robert"]
[Result "1/2-1/2"]
[WhiteElo "2510"]
[BlackElo "2594"]
[PlyCount "75"]
[EventDate "2017.??.??"]

1. e4 c5 2. c3 Nf6 3. e5 Nd5 4. d4 cxd4 5. cxd4 d6 6. Nf3 Nc6 7. Bc4 Nb6 8. Bb5
dxe5 9. Nxe5 Bd7 10. Nxd7 Qxd7 11. Nc3 Rd8 12. Be3 e6 13. O-O Be7 14. Qb3 O-O
15. Rfd1 Qc8 16. Rac1 Na5 17. Qc2 Nac4 18. Qe2 Nxe3 19. Qxe3 Qb8 20. g3 Bb4 21.
Qe4 g6 22. h4 Rc8 23. Kg2 Bxc3 24. bxc3 Nd5 25. c4 Nf6 26. Qf3 Kg7 27. Ba4 Rfd8
28. Bb3 b6 29. c5 bxc5 30. dxc5 Rxd1 31. Qxd1 Qe5 32. c6 Rc7 33. Kg1 h5 34. Qd2
Rc8 35. Bd1 Nd5 36. Bf3 Rc7 37. Bxd5 Qxd5 38. Qxd5 1/2-1/2

[Event "BL 1617 SK König Tegel - Hamburger SK"]
[Site "?"]
[Date "2017.04.30"]
[Round "14.5"]
[White "Lampert, Jonas"]
[Black "Bruedigam, Martin"]
[Result "1/2-1/2"]
[WhiteElo "2511"]
[BlackElo "2403"]
[PlyCount "42"]
[EventDate "2017.??.??"]

1. d4 Nf6 2. c4 e6 3. g3 Bb4+ 4. Bd2 a5 5. Bg2 d6 6. e3 O-O 7. Ne2 c6 8. Nbc3
b6 9. d5 Bb7 10. O-O cxd5 11. cxd5 Bxc3 12. Nxc3 e5 13. a3 Na6 14. Rb1 a4 15.
b4 axb3 16. Qxb3 Nc5 17. Qb4 Ba6 18. Nb5 Bb7 19. Nc3 Ba6 20. Nb5 Bb7 21. Nc3
Ba6 1/2-1/2